00456nam a2200133Ia 4500008004100000100002300041245001900064260003300083300000800116650001800124942001200142999001500154952015300169191201s2009 xx 000 0 und d aKRISHNADHAR, Maloy 0aTrain to India aN. DelhibPenguin Bookc2009 a307 aGeneral Books 2ddccBK c4388d4388 00102ddc40708GENERALaPIETbPIETd2010-02-17eBrijwasi booksg350.00k1942l1o158.1 KRTp14693r2022-12-09 00:00:00s2022-12-09w2010-02-06yBK